000
00316nam a22001457a 4500
003
SGT
020
_a
9788123901985
082
_b
VID
100
_a
VIDHYASEKARAN P.
245
_a
PRINCIPLES OF PLANT PATHOLOGY
260
_b
CBS.PUB
_c
2017
300
_a
166
650
_a
AGRICULTURE SCIENCE
942
_2
ddc
_c
BK
_0
25
999
_c
15772
_d
15772